Political theory (Record no. 11308)

MARC details
000 -LEADER
fixed length control field 00472nam a22001817a 4500
005 - DATE AND TIME OF LATEST TRANSACTION
control field 20220528130423.0
008 - FIXED-LENGTH DATA ELEMENTS--GENERAL INFORMATION
fixed length control field 220528b ||||| |||| 00| 0 eng d
020 ## - INTERNATIONAL STANDARD BOOK NUMBER
International Standard Book Number 9789382056843
040 ## - CATALOGING SOURCE
Original cataloging agency IN-DiNC
Transcribing agency IN-DiNC
041 ## - LANGUAGE CODE
Language code of sung or spoken text Assamese
100 ## - MAIN ENTRY--PERSONAL NAME
Personal name Das Dipen
Relator term Author
245 ## - TITLE STATEMENT
Title Political theory
Remainder of title Concepts and debates
Statement of responsibility, etc. by Dipen Das
250 ## - EDITION STATEMENT
Edition statement 2nd ed.
260 ## - PUBLICATION, DISTRIBUTION, ETC.
Place of publication, distribution, etc. Dibrugarh
Name of publisher, distributor, etc. Banalata
Date of publication, distribution, etc. 2021
300 ## - PHYSICAL DESCRIPTION
Extent 304p.
700 ## - ADDED ENTRY--PERSONAL NAME
Personal name Dipen Saikia
Relator term Author
942 ## - ADDED ENTRY ELEMENTS (KOHA)
Source of classification or shelving scheme Dewey Decimal Classification
Koha item type Books
Holdings
Withdrawn status Lost status Source of classification or shelving scheme Damaged status Not for loan Collection code Home library Current library Shelving location Date acquired Cost, normal purchase price Total Checkouts Barcode Date last seen Date last checked out Copy number Price effective from Koha item type Date due
    Dewey Decimal Classification     Political Science Central Library, Naharkatiya College Central Library, Naharkatiya College General Stacks 28/05/2022 300.00 18 28948 25/03/2026 09/03/2026 1 28/05/2022 Books  
    Dewey Decimal Classification     Political Science Central Library, Naharkatiya College Central Library, Naharkatiya College General Stacks 28/05/2022 300.00 2 28949 06/06/2022 06/06/2022 2 28/05/2022 Books 21/06/2022
    Dewey Decimal Classification     Political Science Central Library, Naharkatiya College Central Library, Naharkatiya College General Stacks 28/05/2022 300.00 17 28950 30/03/2026 30/03/2026 3 28/05/2022 Books 23/04/2026

Naharkatiya College © 2020. All rights reserved.

Powered By